[Event "Dresden Cup (Women)"]
[Site "Dresden"]
[Date "2006.07.08"]
[Round "7.2"]
[White "Polgar, Zsuzsa"]
[Black "Paehtz, Elisabeth"]
[Result "1-0"]
[WhiteElo "2577"]
[BlackElo "2438"]
[PlyCount "151"]
[EventDate "2006.07.07"]
[EventType "k.o. (rapid)"]
[EventRounds "7"]
[EventCountry "GER"]
[SourceTitle "CBM 113 Extra"]
[Source "ChessBase"]
[SourceDate "2006.09.14"]
[SourceVersion "1"]
[SourceVersionDate "2006.09.14"]
[SourceQuality "1"]

1. d4 e6 2. Nf3 f5 3. d5 Nf6 4. dxe6 dxe6 5. Qxd8+ Kxd8 6. Nc3 Bb4 7. Bd2 Ke7 8. a3 Bc5 9. b4 Bd6 10. Nb5 Ne4 11. Be3 a5 12. Nxd6 cxd6 13. bxa5 Rxa5 14. Nd2 Nxd2 15. Bxd2 Rc5 16. 0-0-0 Nc6 17. e3 Bd7 18. f4 Rc8 19. Bd3 e5 20. e4 fxe4 21. Bxe4 Nd4 22. fxe5 Rxe5 23. Bg5+ Rxg5 24. Rxd4 g6 25. Bxb7 Rc3 26. Re1+ Re5 27. Rde4 Rc7 28. Ba6 Kf6 29. Rf1+ Bf5 30. Bd3 Kg7 31. Rd4 Bxd3 32. Rxd3 Re2 33. Rd2 Re3 34. Rxd6 Rxa3 35. Rfd1 Raa7 36. R6d3 Rab7 37. c3 Ra7 38. R1d2 Kh6 39. Kc2 Ra3 40. Kb2 Ra5 41. Rd4 Rb7+ 42. Rb4 Rba7 43. Rh4+ Kg7 44. Rhd4 Ra2+ 45. Kb3 R2a3+ 46. Kc2 Ra2+ 47. Kd1 Ra1+ 48. Ke2 Kh6 49. Rd7 R7a5 50. R7d5 Ra6 51. Kd3 Rc1 52. Rd4 Ra3 53. Rc4 Ra7 54. Re2 Rd1+ 55. Kc2 Rda1 56. Rh4+ Kg7 57. Rhe4 Kh6 58. h3 R1a2+ 59. Kd3 R2a3 60. Re7 R7a6 61. R2e4 Rc6 62. Rc4 Rd6+ 63. Rd4 Rc6 64. Rh4+ Kg5 65. Rc4 Rd6+ 66. Ke3 h5 67. h4+ Kf6 68. Rec7 Re6+ 69. Re4 Rd6 70. Rc5 Ra2 71. Rf4+ Ke6 72. Rg5 Kd7 73. Rd4 Raa6 74. Rxg6 Rxd4 75. Rg7+ Ke6 76. cxd4 1-0

[Event "Dresden Cup (Women)"]
[Site "Dresden"]
[Date "2006.07.08"]
[Round "5.1"]
[White "Polgar, Zsuzsa"]
[Black "Ushenina, Anna"]
[Result "1-0"]
[WhiteElo "2577"]
[BlackElo "2397"]
[PlyCount "113"]
[EventDate "2006.07.07"]
[EventType "k.o. (rapid)"]
[EventRounds "7"]
[EventCountry "GER"]
[SourceTitle "CBM 113 Extra"]
[Source "ChessBase"]
[SourceDate "2006.09.14"]
[SourceVersion "1"]
[SourceVersionDate "2006.09.14"]
[SourceQuality "1"]

1. d4 d5 2. Nf3 Nf6 3. g3 c6 4. Bg2 Bf5 5. 0-0 e6 6. b3 h6 7. Bb2 Nbd7 8. c4 Bd6 9. Nbd2 0-0 10. Ne5 Qe7 11. e3 Ba3 12. Bxa3 Qxa3 13. f4 Bh7 14. c5 Rac8 15. Qc1 Qxc1 16. Raxc1 Rfe8 17. b4 a5 18. bxa5 Ra8 19. Nb3 Nxe5 20. fxe5 Nd7 21. Rc3 f6 22. exf6 Nxf6 23. Rd1 e5 24. Bf1 Ne4 25. Rcc1 exd4 26. exd4 Ng5 27. h4 Ne4 28. Re1 Nxg3 29. a6 bxa6 30. Na5 Nf5 31. Nxc6 Nxh4 32. Rxe8+ Rxe8 33. Bxa6 Be4 34. Bb7 Nf3+ 35. Kf2 g5 36. a4 g4 37. a5 h5 38. Kg3 Bd3 39. a6 Bxa6 40. Bxa6 Re4 41. Nb4 h4+ 42. Kf2 Nxd4 43. Nxd5 g3+ 44. Kg2 Re5 45. c6 Nxc6 46. Rxc6 Kg7 47. Nf4 Re4 48. Nh5+ Kf7 49. Rf6+ Ke7 50. Rf4 Re5 51. Ng7 Ra5 52. Bc4 h3+ 53. Kxh3 g2 54. Rg4 Kf6 55. Rxg2 Ra4 56. Nh5+ Ke5 57. Be2 1-0

[Event "Dresden Cup (Women)"]
[Site "Dresden"]
[Date "2006.07.08"]
[Round "5.2"]
[White "Ushenina, Anna"]
[Black "Polgar, Zsuzsa"]
[Result "0-1"]
[WhiteElo "2397"]
[BlackElo "2577"]
[PlyCount "100"]
[EventDate "2006.07.07"]
[EventType "k.o. (rapid)"]
[EventRounds "7"]
[EventCountry "GER"]
[SourceTitle "CBM 113 Extra"]
[Source "ChessBase"]
[SourceDate "2006.09.14"]
[SourceVersion "1"]
[SourceVersionDate "2006.09.14"]
[SourceQuality "1"]

1. d4 d5 2. c4 dxc4 3. e4 e5 4. Nf3 Bb4+ 5. Nbd2 c3 6. bxc3 Bxc3 7. Rb1 exd4 8. Bc4 Nc6 9. 0-0 Qf6 10. Rb5 Nge7 11. Rg5 Ng6 12. Ba3 Bb4 13. Bxb4 Nxb4 14. h4 h6 15. Rb5 Nc6 16. e5 Qe7 17. h5 Nf4 18. Ne4 a6 19. Rb2 Nxe5 20. Re1 0-0 21. Qxd4 Nxf3+ 22. gxf3 b5 23. Bd5 c5 24. Qd2 Nxd5 25. Qxd5 Bb7 26. Qxc5 Qxc5 27. Nxc5 Bxf3 28. Re5 Rfd8 29. a4 bxa4 30. Nxa4 Rd1+ 31. Kh2 Rh1+ 32. Kg3 Rxh5 33. Re7 Bc6 34. Nc3 Rg5+ 35. Kf4 Rd8 36. Rb6 Rc5 37. Ne2 Rc4+ 38. Kg3 Rd3+ 39. Re3 Rxe3+ 40. fxe3 a5 41. Nd4 Be4 42. Kf4 Bd3 43. Rb8+ Kh7 44. Rb7 g5+ 45. Ke5 Kg6 46. Rb6+ Kg7 47. Kd5 Rc8 48. Rb7 Re8 49. Rb3 Be4+ 50. Kd6 h5 0-1

[Event "Dresden Cup (Women)"]
[Site "Dresden"]
[Date "2006.07.07"]
[Round "4.1"]
[White "Macek, Vlasta"]
[Black "Polgar, Zsuzsa"]
[Result "0-1"]
[WhiteElo "2243"]
[BlackElo "2577"]
[PlyCount "146"]
[EventDate "2006.07.07"]
[EventType "k.o. (rapid)"]
[EventRounds "7"]
[EventCountry "GER"]
[SourceTitle "CBM 113 Extra"]
[Source "ChessBase"]
[SourceDate "2006.09.14"]
[SourceVersion "1"]
[SourceVersionDate "2006.09.14"]
[SourceQuality "1"]

1. d4 d5 2. c4 dxc4 3. Nf3 c5 4. e3 cxd4 5. exd4 Be6 6. Nbd2 Nf6 7. Nxc4 Nc6 8. Nce5 Bd5 9. Bd2 a6 10. Bc3 e6 11. Be2 Be7 12. 0-0 0-0 13. Nxc6 Bxc6 14. Ne5 Bd5 15. Bf3 Bxf3 16. Qxf3 Qd5 17. Rfd1 Qxf3 18. Nxf3 Nd5 19. Be1 Bf6 20. g3 Rfd8 21. Kf1 Rd6 22. Rd3 Rc8 23. Rad1 Rb6 24. Rb3 Rxb3 25. axb3 Kf8 26. Ke2 Ke7 27. Kd3 Rc6 28. Bc3 g6 29. Ra1 h5 30. Nd2 Rb6 31. Ra4 Bg7 32. b4 Rc6 33. Ra5 Rb6 34. Kc4 Nc7 35. Rc5 Nb5 36. Ne4 Bf8 37. d5 exd5+ 38. Rxd5 Rc6+ 39. Rc5 Re6 40. Re5 Rxe5 41. Bxe5 Ke6 42. Bc3 Kd7 43. Be5 Be7 44. f4 Kc6 45. Bc3 Nc7 46. Ng5 Bxg5 47. fxg5 Ne6 48. Bf6 b5+ 49. Kd3 Kd5 50. b3 Nc7 51. Bd8 Ne8 52. Ke3 Nd6 53. Kd3 Ne4 54. Be7 Nf2+ 55. Ke2 Ng4 56. h3 Ne5 57. Ke3 Nc6 58. Bf8 Nd4 59. Kd3 Nf3 60. Be7 Ne5+ 61. Ke3 Nc6 62. Bf8 Nd4 63. Kd3 Nf5 64. g4 hxg4 65. hxg4 Nd4 66. Bg7 Nf3 67. Bf6 Nh2 68. Bd8 Nxg4 69. Be7 Ne5+ 70. Ke3 Nc6 71. Bf8 Nd4 72. Kd3 Ne6 73. Be7 Ke5 0-1

[Event "Dresden Cup (Women)"]
[Site "Dresden"]
[Date "2006.07.07"]
[Round "1"]
[White "Polgar, Zsuzsa"]
[Black "Jackova, Jana"]
[Result "1-0"]
[WhiteElo "2577"]
[BlackElo "2389"]
[PlyCount "101"]
[EventDate "2006.07.07"]
[EventType "k.o. (rapid)"]
[EventRounds "7"]
[EventCountry "GER"]
[SourceTitle "CBM 113 Extra"]
[Source "ChessBase"]
[SourceDate "2006.09.14"]
[SourceVersion "1"]
[SourceVersionDate "2006.09.14"]
[SourceQuality "1"]

1. d4 Nf6 2. Nf3 b6 3. e3 Bb7 4. Bd3 e6 5. c4 d5 6. 0-0 Bd6 7. b4 dxc4 8. Bxc4 0-0 9. b5 a6 10. Nc3 Ne4 11. Nxe4 Bxe4 12. Bb2 axb5 13. Bxb5 Nd7 14. Bd3 Bxd3 15. Qxd3 Qe7 16. e4 e5 17. Rfe1 c5 18. d5 Ra4 19. Nd2 Rfa8 20. a3 Rb8 21. Qb5 Ra5 22. Qc6 b5 23. a4 Rb6 24. Qc8+ Nf8 25. axb5 Raxb5 26. Bc3 Rb8 27. Qg4 h6 28. g3 Nd7 29. Ra7 R5b7 30. Rea1 Nb6 31. Rxb7 Rxb7 32. Rb1 Kh7 33. Qe2 Na4 34. Rxb7 Qxb7 35. Qc4 Qd7 36. Kg2 f5 37. exf5 Nxc3 38. Qxc3 Qxf5 39. Qf3 Kg6 40. Ne4 Qxf3+ 41. Kxf3 Bf8 42. Nd2 Kf6 43. Ke4 Bd6 44. Nc4 Bb8 45. f3 g6 46. Nb6 Ke7 47. Nc4 Kf6 48. h3 h5 49. h4 Bc7 50. d6 Bb8 51. Kd5 1-0

[Event "Dresden Cup (Women)"]
[Site "Dresden"]
[Date "2006.07.07"]
[Round "3"]
[White "Winkelmann, Elena"]
[Black "Polgar, Zsuzsa"]
[Result "1/2-1/2"]
[WhiteElo "2055"]
[BlackElo "2577"]
[PlyCount "28"]
[EventDate "2006.07.07"]
[EventType "k.o. (rapid)"]
[EventRounds "7"]
[EventCountry "GER"]
[SourceTitle "CBM 113 Extra"]
[Source "ChessBase"]
[SourceDate "2006.09.14"]
[SourceVersion "1"]
[SourceVersionDate "2006.09.14"]
[SourceQuality "1"]

1. c4 e5 2. Nc3 Nc6 3. Nf3 Nf6 4. a3 d5 5. cxd5 Nxd5 6. Qc2 Nde7 7. e3 g6 8. b4 a6 9. Bb2 Bg7 10. Bc4 h6 11. d3 0-0 12. 0-0 b6 13. Rad1 Bb7 14. Ne2 Qe8 1/2-1/2

[Event "New York Mayor's Cup"]
[Site "New York"]
[Date "2006.06.26"]
[Round "9"]
[White "Onischuk, Alexander"]
[Black "Polgar, Zsuzsa"]
[Result "1/2-1/2"]
[WhiteElo "2650"]
[BlackElo "2577"]
[PlyCount "92"]
[EventDate "2006.06.25"]
[EventType "tourn (rapid)"]
[EventRounds "10"]
[EventCountry "USA"]
[EventCategory "15"]
[SourceTitle "CBM 113 Extra"]
[Source "ChessBase"]
[SourceDate "2006.09.14"]
[SourceVersion "1"]
[SourceVersionDate "2006.09.14"]
[SourceQuality "1"]

1. d4 d5 2. c4 dxc4 3. e4 e5 4. Nf3 Bb4+ 5. Bd2 Bxd2+ 6. Nbxd2 exd4 7. Bxc4 Nc6 8. 0-0 Qf6 9. b4 a6 10. e5 Qg6 11. Nb3 Nge7 12. Nbxd4 0-0 13. Qb3 Bh3 14. Nh4 Qg4 15. Nxc6 Nxc6 16. Qxh3 Qxc4 17. f4 Qxb4 18. Rab1 Qc5+ 19. Kh1 Rad8 20. Rxb7 Qf2 21. Rbb1 Qxa2 22. Nf5 Nd4 23. Ne7+ Kh8 24. f5 Qd2 25. Qh4 Qh6 26. Qxh6 gxh6 27. Rfc1 Rb8 28. Rxb8 Rxb8 29. h3 Nb5 30. Nc6 Rb6 31. f6 h5 32. Rd1 h6 33. Nd8 Kg8 34. Rd7 Nd6 35. Rxc7 Rb8 36. Rd7 Nf5 37. e6 Rb1+ 38. Kh2 Re1 39. Rxf7 Rxe6 40. g4 hxg4 41. hxg4 Rd6 42. gxf5 Rxd8 43. Rg7+ Kf8 44. Kg3 Rd6 45. Rg6 Kf7 46. Rxh6 Rxf6 1/2-1/2

[Event "Olympiad Women-36"]
[Site "Mallorca"]
[Date "2004.10.27"]
[Round "12.1"]
[White "Polgar, Zsuzsa"]
[Black "Madl, Ildiko"]
[Result "1-0"]
[WhiteElo "2567"]
[BlackElo "2369"]
[PlyCount "69"]
[EventDate "2004.10.15"]
[EventType "team-swiss"]
[EventRounds "14"]
[EventCountry "ESP"]
[SourceTitle "CBM 102 Extra"]
[Source "ChessBase"]
[SourceDate "2004.11.03"]
[SourceVersion "1"]
[SourceVersionDate "2004.11.03"]
[SourceQuality "1"]
[WhiteTeam "United States (W)"]
[BlackTeam "Hungary (W)"]
[WhiteTeamCountry "USA"]
[BlackTeamCountry "HUN"]

1. d4 d5 2. Nf3 Nf6 3. c4 c6 4. e3 Bg4 5. h3 Bh5 6. Qb3 Qc7 7. Nc3 e6 8. g4 Bg6 9. Ne5 Nbd7 10. Nxg6 hxg6 11. g5 Nh5 12. cxd5 exd5 13. Be2 Be7 14. h4 0-0-0 15. Bd2 Kb8 16. 0-0-0 f6 17. gxf6 gxf6 18. Rdg1 Nf8 19. Qd1 Ng7 20. Bd3 f5 21. h5 Bf6 22. hxg6 Rxh1 23. Rxh1 Nxg6 24. Rh6 Qf7 25. Qf3 Ne7 26. Ne2 Ka8 27. Nf4 Ne8 28. Bb4 Bg7 29. Qh5 Qxh5 30. Rxh5 Rd7 31. Rh7 b6 32. Nh5 c5 33. Bb5 Rc7 34. Bxe8 cxb4+ 35. Kd1 1-0

[Event "Olympiad Women-36"]
[Site "Mallorca"]
[Date "2004.10.16"]
[Round "2.1"]
[White "Polgar, Zsuzsa"]
[Black "Cmilyte, Viktorija"]
[Result "1/2-1/2"]
[WhiteElo "2567"]
[BlackElo "2442"]
[PlyCount "98"]
[EventDate "2004.10.15"]
[EventType "team-swiss"]
[EventRounds "14"]
[EventCountry "ESP"]
[SourceTitle "CBM 102 Extra"]
[Source "ChessBase"]
[SourceDate "2004.11.03"]
[SourceVersion "1"]
[SourceVersionDate "2004.11.03"]
[SourceQuality "1"]
[WhiteTeam "United States (W)"]
[BlackTeam "Lithuania (W)"]
[WhiteTeamCountry "USA"]
[BlackTeamCountry "LTU"]

1. Nf3 Nf6 2. c4 e6 3. g3 c5 4. Nc3 b6 5. Bg2 Bb7 6. 0-0 Be7 7. Re1 d5 8. cxd5 exd5 9. d4 0-0 10. b3 Ne4 11. Bb2 Nc6 12. dxc5 Bxc5 13. e3 Bb4 14. Qd3 Qf6 15. Na4 Qf5 16. Red1 Rfd8 17. Rac1 Bf8 18. a3 Rd6 19. Qe2 Re8 20. Nc3 Rdd8 21. Nb5 Qd7 22. Nbd4 Na5 23. Nd2 Nc5 24. b4 Ba6 25. b5 Bb7 26. Bc3 Ne6 27. Qg4 Nxd4 28. Qxd4 Qxb5 29. Rb1 Qd7 30. Bxa5 bxa5 31. Qxa7 Bc6 32. Qxa5 Ra8 33. Qb6 Rxa3 34. Nf3 Ba8 35. Nd4 Rc8 36. Rdc1 g6 37. h4 Rac3 38. Rxc3 Rxc3 39. Kh2 h5 40. Qa5 Ra3 41. Qb6 Ra2 42. Qf6 Qd6 43. Qxd6 Bxd6 44. Kg1 Kg7 45. Nb5 Be5 46. Rd1 Ra5 47. Bxd5 Rxb5 48. Bxa8 Ra5 49. Bd5 Ra1 1/2-1/2

[Event "Olympiad Women-36"]
[Site "Mallorca"]
[Date "2004.10.15"]
[Round "1.1"]
[White "Sanchez Castillo, Sarai Carolina"]
[Black "Polgar, Zsuzsa"]
[Result "0-1"]
[WhiteElo "2141"]
[BlackElo "2567"]
[PlyCount "172"]
[EventDate "2004.10.15"]
[EventType "team-swiss"]
[EventRounds "14"]
[EventCountry "ESP"]
[SourceTitle "CBM 102 Extra"]
[Source "ChessBase"]
[SourceDate "2004.11.03"]
[SourceVersion "1"]
[SourceVersionDate "2004.11.03"]
[SourceQuality "1"]
[WhiteTeam "Venezuela (W)"]
[BlackTeam "United States (W)"]
[WhiteTeamCountry "VEN"]
[BlackTeamCountry "USA"]

1. e4 c5 2. Nf3 e6 3. Nc3 Nc6 4. d4 cxd4 5. Nxd4 Qc7 6. Be2 a6 7. 0-0 Nf6 8. Kh1 Be7 9. f4 d6 10. Bf3 0-0 11. Nb3 Rd8 12. Qe1 Rb8 13. a4 b6 14. Be3 Nb4 15. Qf2 e5 16. h3 Be6 17. Rad1 Bc4 18. Rg1 d5 19. fxe5 Qxe5 20. Bd4 Qf4 21. e5 Ne4 22. Bxe4 Qxf2 23. Bxf2 dxe4 24. Nd4 Bd5 25. Nf5 Bf8 26. Nd6 Ba8 27. Ncxe4 Nxc2 28. Rgf1 Rd7 29. Bg1 h6 30. Nc3 f6 31. Nc4 Rxd1 32. Rxd1 b5 33. axb5 axb5 34. Nb6 fxe5 35. Nd7 Re8 36. Nxf8 b4 37. Nd7 bxc3 38. bxc3 Bc6 39. Nc5 e4 40. Rc1 Na3 41. c4 e3 42. Nd3 e2 43. Bc5 Be4 44. Bxa3 Bxd3 45. Bb4 Re4 46. Kh2 Bxc4 47. Be1 Bb3 48. Rc3 Bd1 49. Kg3 Re6 50. Kf2 Rf6+ 51. Rf3 Ra6 52. Rf4 Ra7 53. Rf3 Kh7 54. Rg3 Re7 55. Re3 Rd7 56. Rg3 Rb7 57. Re3 Kg6 58. Rg3+ Kf5 59. Bc3 g5 60. Rf3+ Ke4 61. Re3+ Kd5 62. Be1 h5 63. Rf3 Ke4 64. Rf8 Rb5 65. Re8+ Kf5 66. Rf8+ Ke6 67. Rf3 Ke7 68. Re3+ Kf7 69. Bc3 Rf5+ 70. Rf3 e1Q+ 71. Bxe1 Bxf3 72. gxf3 g4 73. hxg4 hxg4 74. f4 Rxf4+ 75. Kg3 Re4 76. Bd2 Kg6 77. Bf4 Kf5 78. Bc7 Re3+ 79. Kg2 Rd3 80. Bb8 Kg5 81. Be5 Rd5 82. Bc7 Rd2+ 83. Kg3 Rd3+ 84. Kg2 Kh4 85. Bb6 Rd2+ 86. Kg1 Kh3 0-1

[Event "Saltwater sim"]
[Site "Saltwater"]
[Date "2004.02.14"]
[Round "19"]
[White "Polgar, Zsuzsa"]
[Black "Anderson, Greg"]
[Result "1-0"]
[WhiteElo "2557"]
[BlackElo "1420"]
[PlyCount "27"]
[EventDate "2004.02.14"]
[EventType "simul (rapid)"]
[EventRounds "1"]
[EventCountry "USA"]
[SourceTitle "EXT 2006"]
[Source "ChessBase"]
[SourceDate "2005.11.24"]
[SourceVersion "1"]
[SourceVersionDate "2005.11.24"]
[SourceQuality "1"]

1. d4 Nf6 2. Nf3 g6 3. c4 Bg7 4. g3 d6 5. Bg2 0-0 6. 0-0 Bf5 7. b3 c5 8. Bb2 Ne4 9. Nh4 Qd7 10. Nxf5 Qxf5 11. Qc2 Nc6 12. Bxe4 Nb4 13. Bxf5 Nxc2 14. Bxc2 1-0

[Event "Saltwater sim"]
[Site "Saltwater"]
[Date "2004.02.14"]
[Round "19"]
[White "Polgar, Zsuzsa"]
[Black "Stegall, Philip"]
[Result "1-0"]
[WhiteElo "2557"]
[BlackElo "1300"]
[PlyCount "91"]
[EventDate "2004.02.14"]
[EventType "simul (rapid)"]
[EventRounds "1"]
[EventCountry "USA"]
[SourceTitle "EXT 2006"]
[Source "ChessBase"]
[SourceDate "2005.11.24"]
[SourceVersion "1"]
[SourceVersionDate "2005.11.24"]
[SourceQuality "1"]

1. e4 c5 2. Nf3 d6 3. d4 cxd4 4. Nxd4 Nc6 5. Nc3 e5 6. Nf3 a6 7. Bc4 Bg4 8. h3 Bh5 9. Be3 Be7 10. Nd5 b5 11. Bb6 Qc8 12. Nc7+ Kf8 13. Nxa8 Qxa8 14. Bd5 Qc8 15. 0-0 Nf6 16. c3 Kg8 17. Be3 h6 18. a4 Kh7 19. axb5 axb5 20. Kh1 Rf8 21. Rg1 Kg8 22. g4 Bg6 23. Nd2 h5 24. f3 b4 25. c4 Qd7 26. Qa4 Rc8 27. Qb5 Nb8 28. Qxd7 Nbxd7 29. Ra8 Rxa8 30. Bxa8 Nc5 31. Bxc5 dxc5 32. Kg2 Bd8 33. Ra1 Nd7 34. Bd5 Bh4 35. Nb3 Bg5 36. Ra7 Nf6 37. Nxc5 Nxd5 38. cxd5 Be3 39. Ra8+ Kh7 40. Nd7 f6 41. Nf8+ Kh6 42. Nxg6 Kxg6 43. d6 Bb6 44. d7 Kf7 45. d8Q Bxd8 46. Rxd8 1-0

[Event "Dream Team Challenge"]
[Site "Saltwater"]
[Date "2004.02.14"]
[Round "1"]
[White "Polgar, Zsuzsa"]
[Black "Taliaferro, Mike"]
[Result "1-0"]
[WhiteElo "2557"]
[BlackElo "1874"]
[PlyCount "47"]
[EventDate "2004.02.14"]
[EventType "swiss"]
[EventRounds "7"]
[EventCountry "USA"]
[SourceTitle "EXT 2006"]
[Source "ChessBase"]
[SourceDate "2005.11.24"]
[SourceVersion "1"]
[SourceVersionDate "2005.11.24"]
[SourceQuality "1"]

1. d4 Nf6 2. Nf3 d5 3. c4 e6 4. Nc3 c6 5. e3 Nbd7 6. Bd3 Be7 7. b3 0-0 8. 0-0 b6 9. Bb2 Bb7 10. Qe2 c5 11. cxd5 exd5 12. Rad1 Rc8 13. Bf5 Rc7 14. Nb5 Ba6 15. Bd3 Rb7 16. Ne5 Nxe5 17. dxe5 Ne8 18. Nc3 Bxd3 19. Qxd3 Nc7 20. Nxd5 Nxd5 21. Qxd5 Qxd5 22. Rxd5 Rd8 23. e4 Rxd5 24. exd5 1-0

[Event "Saltwater sim"]
[Site "Saltwater"]
[Date "2004.02.14"]
[Round "19"]
[White "Polgar, Zsuzsa"]
[Black "Winters, Jason Dwight"]
[Result "1-0"]
[WhiteElo "2557"]
[BlackElo "1500"]
[PlyCount "49"]
[EventDate "2004.02.14"]
[EventType "simul (rapid)"]
[EventRounds "1"]
[EventCountry "USA"]
[SourceTitle "EXT 2006"]
[Source "ChessBase"]
[SourceDate "2005.11.24"]
[SourceVersion "1"]
[SourceVersionDate "2005.11.24"]
[SourceQuality "1"]

1. e4 e5 2. Nf3 Nc6 3. d4 exd4 4. Nxd4 Bc5 5. Nxc6 bxc6 6. Bc4 Nf6 7. Nc3 0-0 8. 0-0 d6 9. Bg5 Be6 10. Bxe6 fxe6 11. e5 dxe5 12. Qe2 Qd6 13. Bxf6 gxf6 14. Ne4 Qe7 15. Qc4 Bd6 16. Qxc6 Rab8 17. b3 Rb6 18. Qc3 Qg7 19. Rad1 Qe7 20. Qa5 a6 21. c4 Bb4 22. Qa4 Rd8 23. c5 Rd4 24. Rxd4 exd4 25. cxb6 1-0

[Event "Dresden sim"]
[Site "Dresden"]
[Date "1998.06.06"]
[Round "?"]
[White "Polgar, Zsuzsa"]
[Black "Paehtz, Elisabeth"]
[Result "1/2-1/2"]
[WhiteElo "2565"]
[BlackElo "2160"]
[PlyCount "66"]
[EventDate "1998.06.06"]
[EventType "simul"]
[EventCountry "GER"]
[SourceTitle "EXT 2018"]
[Source "ChessBase"]
[SourceDate "2017.10.13"]
[SourceVersion "1"]
[SourceVersionDate "2017.10.13"]
[SourceQuality "1"]

1. d4 Nf6 2. Nf3 g6 3. c4 Bg7 4. g3 d6 5. Bg2 0-0 6. b3 Nbd7 7. Bb2 e5 8. Nc3 h6 9. e4 a6 10. 0-0 b5 11. dxe5 dxe5 12. cxb5 axb5 13. Qc2 Bb7 14. Rfe1 c6 15. a4 Qb6 16. h3 Rfe8 17. Nd2 Nh5 18. Nf1 Nc5 19. a5 Qa7 20. b4 Ne6 21. Ne2 c5 22. bxc5 Qxc5 23. Qb3 Ba6 24. Rac1 Qa7 25. Red1 b4 26. Bf3 Nf6 27. Bxe5 Nc5 28. Qb2 Rxe5 29. Qxe5 Nd3 30. Qd4 Nxc1 31. Nxc1 Bxf1 32. Qxa7 Rxa7 33. Kxf1 Rxa5 1/2-1/2

[Event "Oslo m rapid"]
[Site "Oslo"]
[Date "1996.??.??"]
[Round "3"]
[White "Agdestein, Simen"]
[Black "Polgar, Zsuzsa"]
[Result "0-1"]
[WhiteElo "2600"]
[BlackElo "2565"]
[PlyCount "42"]
[EventDate "1996.??.??"]
[EventType "match (rapid)"]
[EventRounds "6"]
[EventCountry "NOR"]
[SourceTitle "EXT 1998"]
[Source "ChessBase"]
[SourceDate "1997.11.17"]
[SourceVersion "1"]
[SourceVersionDate "1997.11.17"]
[SourceQuality "1"]

1. d4 d5 2. c4 e6 3. Nc3 c6 4. e3 Nf6 5. b3 Nbd7 6. Bb2 Bd6 7. Qc2 0-0 8. 0-0-0 a5 9. Nf3 a4 10. Nxa4 dxc4 11. bxc4 b5 12. cxb5 cxb5 13. Bxb5 Ba6 14. Bxa6 Rxa6 15. Nd2 Qa8 16. Nc3 Rc8 17. Ndb1 Rxa2 18. Rd3 Nd5 19. Qb3 Nb4 20. Rd2 Qxg2 21. Rhd1 Qb7 0-1

[Event "Oslo m rapid"]
[Site "Oslo"]
[Date "1996.??.??"]
[Round "4"]
[White "Polgar, Zsuzsa"]
[Black "Agdestein, Simen"]
[Result "1-0"]
[WhiteElo "2565"]
[BlackElo "2600"]
[PlyCount "97"]
[EventDate "1996.??.??"]
[EventType "match (rapid)"]
[EventRounds "6"]
[EventCountry "NOR"]
[SourceTitle "EXT 1998"]
[Source "ChessBase"]
[SourceDate "1997.11.17"]
[SourceVersion "1"]
[SourceVersionDate "1997.11.17"]
[SourceQuality "1"]

1. d4 Nf6 2. c4 e6 3. Nf3 b6 4. e3 Bb7 5. Bd3 d5 6. 0-0 Be7 7. b3 0-0 8. Bb2 Na6 9. Nc3 c5 10. Rc1 Nb4 11. Be2 dxc4 12. bxc4 cxd4 13. exd4 Rc8 14. a3 Nc6 15. d5 Na5 16. dxe6 Bxf3 17. exf7+ Rxf7 18. Bxf3 Nxc4 19. Nd5 Nxb2 20. Nxe7+ Rxe7 21. Qb3+ Kh8 22. Qxb2 h6 23. Rcd1 Rd7 24. h3 Rc5 25. Rxd7 Qxd7 26. Rd1 Qc7 27. Qd2 Rc3 28. a4 Rc4 29. Qa2 h5 30. Qa3 Rc5 31. Qe3 Kg8 32. Qb3+ Kf8 33. Qe3 Rc4 34. Qb3 Qc5 35. Rd8+ Ke7 36. Ra8 Rc1+ 37. Kh2 Qc7+ 38. g3 h4 39. Qb4+ Kf7 40. Rf8+ Ke6 41. Bg4+ Kd5 42. Rd8+ Qxd8 43. Qd2+ Kc5 44. Qxd8 hxg3+ 45. Kxg3 Rc3+ 46. Bf3 Ne4+ 47. Kg2 Rc4 48. Qe7+ Kd5 49. Qxa7 1-0

[Event "World-ch (Women)"]
[Site "Jaen"]
[Date "1996.??.??"]
[Round "3"]
[White "Polgar, Zsuzsa"]
[Black "Xie, Jun"]
[Result "1/2-1/2"]
[WhiteElo "2550"]
[BlackElo "2530"]
[PlyCount "37"]
[EventDate "1996.01.??"]
[EventType "match"]
[EventRounds "16"]
[EventCountry "ESP"]
[SourceTitle "CBM 052"]
[Source "ChessBase"]
[SourceDate "1996.06.01"]
[SourceVersion "1"]
[SourceVersionDate "1996.06.01"]
[SourceQuality "1"]

1. e4 e5 2. Nf3 Nc6 3. d4 exd4 4. Nxd4 Bc5 5. Nxc6 Qf6 6. Qd2 dxc6 7. Nc3 Be6 8. Na4 Rd8 9. Bd3 Bd4 10. 0-0 Qh4 11. Qf4 Qh5 12. Qg3 Ne7 13. Be3 Bf6 14. h3 0-0 15. f4 Bh4 16. Qf3 Qxf3 17. Rxf3 f5 18. Nc5 fxe4 19. Bxe4 1/2-1/2